=LDR 00000nam 2200000 4500 =001 INLIS000000000006563 =005 20251111090953 =035 ##$$a 0010-1125000437 =007 ta =008 251111###########################0#eng## =082 ##$$a 362.1 =084 ##$$a 362.1 INC =245 ##$$a Increasing The Effectiveness Of Satellite Clinics /$c Badan Koordinasi Keluarga Berencana Nasional =260 ##$:$b Badan Koordinasi Keluarga Berencana Nasional,$c 1991 =300 ##$$a 4 Hal : $b Ilus ; $c 21 =650 #4$$a Keluarga Berencana =856 ##$$a Perpustakaan Kemendukbangga